01732nam a2200337 a 4500001001200000003000800012006001900020007001500039008004100054020001800095020001500113040002100128035002100149043001200170050002400182110012100206245034200327260005700669300002500726504004100751533015200792610005400944650005600998655002901054700002501083700002201108700002401130710009701154710001701251856012601268ebr10425169CaPaEBRm u cr cn|||||||||101202s2010 dcuad sb 000 0 eng d z9780309156356 z0309156351 aCaPaEBRcCaPaEBR a(OCoLC)681741937 an-us---14aHV9950b.N38 2010eb2 aNational Research Council (U.S.).bCommittee on Assessing the Research Program of the National Institute of Justice.10aStrengthening the National Institute of Justiceh[electronic resource] /cCommittee on Assessing the Research Program of the National Institute of Justice ; Charles F. Wellford, Betty M. Chemers, and Julie A. Schuck, editors ; Division of Behavioral and Social Sciences and Education, National Research Council of the National Academies. aWashington, D.C. :bNational Academies Press,c2010. axxiv, 310 p. :bill. aIncludes bibliographical references. aElectronic reproduction.bPalo Alto, Calif. :cebrary,d2010.nAvailable via World Wide Web.nAccess may be limited to ebrary affiliated libraries.20aNational Institute of Justice (U.S.)xEvaluation. 0aCriminal justice, Administration ofzUnited States. 7aElectronic books.2local1 aWellford, Charles F.1 aChemers, Betty M.1 aSchuck, Julie Anne.2 aNational Research Council (U.S.).bDivision of Behavioral and Social Sciences and Education.2 aebrary, Inc.40uhttp://site.ebrary.com/lib/rucke/Doc?id=10425169zAn electronic book accessible through the World Wide Web; click to view